Central Library OPAC University of Rajshahi

The future of freedom : (Record no. 58777)

MARC details
000 -LEADER
fixed length control field 00764nam a2200265 a 4500
001 - CONTROL NUMBER
control field 58777
003 - CONTROL NUMBER IDENTIFIER
rucl marc code BD-RjUL
005 - DATE AND TIME OF LATEST TRANSACTION
control field 20211209080645.0
008 - FIXED-LENGTH DATA ELEMENTS--GENERAL INFORMATION
fixed length control field 161219s2003 nyu b 001 0 eng
020 ## - INTERNATIONAL STANDARD BOOK NUMBER
International Standard Book Number 0393047644
035 ## - SYSTEM CONTROL NUMBER
System control number (BD-RjUL)58901
040 ## - CATALOGING SOURCE
Original cataloging agency DLC
Transcribing agency DLC
Modifying agency DLC
-- BD-RjUL
Language of cataloging eng
041 ## - LANGUAGE CODE
Language code of text/sound track or separate title eng
082 00 - DEWEY DECIMAL CLASSIFICATION NUMBER
Classification number 321.8
Edition number 23
Author mark and year ZAF 2003
100 1# - MAIN ENTRY--PERSONAL NAME
Personal name Zakaria, Fareed.
9 (RLIN) 174741
245 14 - TITLE STATEMENT
Title The future of freedom :
Remainder of title illiberal democracy at home and abroad /
Statement of responsibility, etc. Fareed Zakaria.
250 ## - EDITION STATEMENT
Edition statement 1st ed.
260 ## - PUBLICATION, DISTRIBUTION, ETC. (IMPRINT)
Place of publication, distribution, etc. New York :
Name of publisher, distributor, etc. W.W. Norton & Co.,
Date of publication, distribution, etc. c2003.
300 ## - PHYSICAL DESCRIPTION
Pagination 286 p. ;
Size 25 cm.
500 ## - GENERAL NOTE
General note Includes index.
650 #0 - SUBJECT ADDED ENTRY--TOPICAL TERM
Topical term or geographic name as entry element Democracy.
9 (RLIN) 172081
Topical term or geographic name as entry element Liberty.
9 (RLIN) 170799
Topical term or geographic name as entry element Political science
General subdivision Philosophy.
9 (RLIN) 174742
942 ## - ADDED ENTRY ELEMENTS (KOHA)
Source of classification or shelving scheme Dewey Decimal Classification
Koha item type Books
Holdings
Lost status Source of classification or shelving scheme Damaged status Not for loan Collection code Permanent Location Current Location Shelving location Date acquired Source of acquisition Cost, normal purchase price Total Checkouts Full call number Date last seen Copy number Koha item type
  Dewey Decimal Classification   Not For Loan Non-fiction Central Library, University of Rajshahi Central Library, University of Rajshahi Reading Room 19/08/2006 Paragon Enterprises Dhaka 24.95   321.8 ZAF 2003 19/12/2016 C-1 Books